000 01038cam a2200313 a 4500
001 16627185
003 ARRUPE
005 20220404082531.0
008 110127s2004 coua 001 0 eng
010 _a 2010284908
020 _a0813342740 (pbk.)
020 _a9780813342740 (pbk.)
040 _aDLC
_cDLC
042 _apcc
050 0 0 _aBF431
_b.M46 2004
100 1 _aMiele, Frank.
_951142
245 1 0 _aIntelligence, race, and genetics :
_bconversations with Arthur R. Jensen /
_cFrank Miele.
250 _aPaperback ed.
260 _aBoulder, Colo. [u.a.] :
_bWestview Press,
_c2004.
300 _axi, 243 p :
_bill. ;
_c23 cm.
500 _aBibliography of Arthur R. Jensen's works: p. 191-222.
500 _aIncludes index.
600 1 0 _aJensen, Arthur Robert
_vInterviews.
_951143
650 0 _aIntellect.
_914396
650 0 _aIntellect
_xGenetic aspects.
_951144
906 _a7
_bcbc
_corigres
_d2
_encip
_f20
_gy-gencatlg
942 _2lcc
_cMONOGRAPH
999 _c131208
_d131208